000 00345 a2200169 4500
001 170540
020 _a85-08-06790-9
040 _cMagnum
100 _aPellegrini, Domingos
240 1 0 _aBicho-gente
_lpor
245 1 0 _aBicho-gente
300 _a143
362 0 _a1998
440 1 _aÁtica
697 _aLITERATURA JUVENIL
942 _cBK
999 _c170540
_d170540